Manual Merck de veterinaria / (Record no. 14551)
[ view plain ]
| 000 -CABECERA | |
|---|---|
| campo de control de longitud fija | 00815nam a2200241 a 4500 |
| 001 - NÚMERO DE CONTROL | |
| campo de control | 000014978 |
| 005 - FECHA Y HORA DE LA ÚLTIMA TRANSACCIÓN | |
| campo de control | 20200929163931.0 |
| 008 - DATOS DE LONGITUD FIJA--INFORMACIÓN GENERAL | |
| campo de control de longitud fija | 100128s2007 sp f 000 0 spa d |
| 020 ## - NÚMERO INTERNACIONAL ESTÁNDAR DEL LIBRO | |
| Número Internacional Estándar del Libro | 9788478410798 (o. completa) |
| 020 ## - NÚMERO INTERNACIONAL ESTÁNDAR DEL LIBRO | |
| Número Internacional Estándar del Libro | 9788478410811 (V. II) |
| 020 ## - NÚMERO INTERNACIONAL ESTÁNDAR DEL LIBRO | |
| Número Internacional Estándar del Libro | 9788478410804 (V. I) |
| 040 ## - FUENTE DE LA CATALOGACIÓN | |
| Centro catalogador/agencia de origen | DO-SdBNP |
| Lengua de catalogación | spa |
| Centro/agencia transcriptor | BNPHU |
| 082 ## - NÚMERO DE LA CLASIFICACIÓN DECIMAL DEWEY | |
| Número de clasificación | R 636.089 |
| Número de documento/Ítem | M294, 2007 |
| 245 00 - MENCIÓN DE TÍTULO | |
| Título | Manual Merck de veterinaria / |
| Mención de responsabilidad, etc. | editor, Cynthia M. Kahn ; editor asociado, Scott Line ... [et al.]. |
| 250 ## - MENCIÓN DE EDICIÓN | |
| Mención de edición | 6a. ed. |
| 260 ## - PUBLICACIÓN, DISTRIBUCIÓN, ETC. | |
| Lugar de publicación, distribución, etc. | Barcelona, España : |
| Nombre del editor, distribuidor, etc. | Océano, |
| Fecha de publicación, distribución, etc. | 2007. |
| 300 ## - DESCRIPCIÓN FÍSICA | |
| Extensión | 2v. : |
| Otras características físicas | il. ; |
| Dimensiones | 26 cm. |
| 500 ## - NOTA GENERAL | |
| Nota general | Edición especial 50º aniversario |
| 650 #4 - PUNTO DE ACCESO ADICIONAL DE MATERIA--TÉRMINO DE MATERIA | |
| Término de materia o nombre geográfico como elemento de entrada | Veterinaria |
| Subdivisión general | Manuales |
| 9 (RLIN) | 33906 |
| 700 12 - PUNTO DE ACCESO ADICIONAL--NOMBRE DE PERSONA | |
| Nombre de persona | Line, Scott, |
| Término indicativo de función/relación | ed. |
| 9 (RLIN) | 33907 |
| 700 12 - PUNTO DE ACCESO ADICIONAL--NOMBRE DE PERSONA | |
| Nombre de persona | Kahn, Cynthia M., |
| Término indicativo de función/relación | ed. |
| 9 (RLIN) | 33908 |
| 910 ## - DATOS DE OPCIÓN DEL USUARIO (OCLC) | |
| Datos de opción del usuario | Validado. Control de calidad MFF |
| Estado de retiro | Estado de pérdida | No para préstamo | Código de colección | Localización permanente | Ubicación/localización actual | Ubicación en estantería | Fecha de adquisición | Número de inventario | Total de préstamos | Signatura topográfica completa | Código de barras | Fecha visto por última vez | Precio válido a partir de | Tipo de ítem Koha |
|---|---|---|---|---|---|---|---|---|---|---|---|---|---|---|
| Excluido de préstamo | Referencia General | General | Biblioteca Nacional Pedro Henríquez Ureña | Depósito | 06.11.2012 | LF1 | v. 1 | 14978-60 | 25.06.2020 | 25.06.2020 | Préstamo en sala | |||
| Excluido de préstamo | Referencia General | General | Biblioteca Nacional Pedro Henríquez Ureña | Depósito | 06.11.2012 | LF1 | v. 2 | 14978-70 | 25.06.2020 | 25.06.2020 | Préstamo en sala |
